[Event "World ol U16"]
[Site "Poprad"]
[Date "2016.07.23"]
[Round "2.4"]
[White "Surujhlal, Kayla"]
[Black "Wartiovaara, Oliver"]
[Result "0-1"]
[WhiteElo "1352"]
[BlackElo "1513"]
[PlyCount "110"]
[EventDate "2016.07.22"]
[EventType "team-swiss"]
[EventRounds "9"]
[EventCountry "SVK"]
[SourceTitle "EXT 2017"]
[Source "ChessBase"]
[SourceDate "2016.10.25"]
[SourceVersion "1"]
[SourceVersionDate "2016.10.25"]
[SourceQuality "1"]
[WhiteTeam "South Africa II"]
[BlackTeam "Finland"]
[WhiteTeamCountry "RSA"]
[BlackTeamCountry "FIN"]

1. e4 c5 2. Nf3 d6 3. d4 cxd4 4. Nxd4 Nf6 5. Nc3 g6 6. Bd3 Bg7 7. 0-0 Nc6 8. Nxc6 bxc6 9. Kh1 0-0 10. f4 d5 11. Qe1 dxe4 12. Nxe4 Rb8 13. Rb1 Nd5 14. a3 Bf5 15. b4 a5 16. Bb2 Bxb2 17. Rxb2 Bxe4 18. Bxe4 Qd6 19. Bxd5 cxd5 20. c3 Rfc8 21. Rf3 Rc4 22. Qc1 axb4 23. axb4 Rbxb4 24. Rxb4 Qxb4 25. Qa1 Qa4 26. Qxa4 Rxa4 27. h3 e6 28. Kg1 Ra2 29. Kh2 Kf8 30. Kg3 Ke7 31. h4 h5 32. Kh3 Kd6 33. g4 hxg4+ 34. Kxg4 Rg2+ 35. Kh3 Rg1 36. Rf2 Kc5 37. Ra2 Kc4 38. Ra7 Kxc3 39. Rxf7 d4 40. Rf6 d3 41. Rxe6 d2 42. Rd6 d1Q 43. Rxd1 Rxd1 44. Kg4 Rd5 45. Kg3 Kd4 46. Kf3 Rh5 47. Kg4 Ke3 48. Kg3 Rf5 49. Kg4 Ke4 50. Kg3 Rxf4 51. Kh3 Kf3 52. Kh2 Kf2 53. Kh3 Rd4 54. h5 gxh5 55. Kh2 Rh4# 0-1

[Event "RSA-ch U16 Girls"]
[Site "Bloemfontein"]
[Date "2016.03.24"]
[Round "9"]
[White "Du Plessis, Anika"]
[Black "Surujhlal, Kayla"]
[Result "1/2-1/2"]
[WhiteElo "1290"]
[BlackElo "1296"]
[PlyCount "71"]
[EventDate "2016.03.20"]
[EventType "swiss"]
[EventRounds "11"]
[EventCountry "RSA"]
[SourceTitle "CBM 171 Extra"]
[Source "ChessBase"]
[SourceDate "2016.04.26"]
[SourceVersion "1"]
[SourceVersionDate "2016.04.26"]
[SourceQuality "1"]

1. d4 d5 2. Nf3 Nf6 3. c4 e6 4. Nc3 Nbd7 5. Bg5 Be7 6. e3 c6 7. c5 0-0 8. Be2 e5 9. 0-0 e4 10. Nd2 Re8 11. b4 b6 12. a4 bxc5 13. bxc5 Nf8 14. Bxf6 Bxf6 15. Bg4 Be6 16. Re1 Qd7 17. Bxe6 Qxe6 18. Nf1 Bd8 19. Ne2 Ba5 20. Nf4 Qh6 21. Re2 g5 22. Nh3 g4 23. Nf4 Bc7 24. g3 Bxf4 25. exf4 f5 26. Ne3 Qh5 27. Rb2 Re7 28. Rab1 Qf7 29. a5 Rc8 30. Qe2 Rcc7 31. a6 Kg7 32. Rb4 Kg6 33. Qb2 Ne6 34. Nc2 h6 35. Rb7 Qg7 36. Rb4 1/2-1/2

[Event "Johannesburg Africa op (Women)"]
[Site "Johannesburg"]
[Date "2015.08.10"]
[Round "7"]
[White "Surujhlal, Kayla"]
[Black "Naidoo, Saiyuri"]
[Result "1-0"]
[WhiteElo "1165"]
[BlackElo "1396"]
[PlyCount "148"]
[EventDate "2015.08.07"]
[EventType "swiss"]
[EventRounds "7"]
[EventCountry "RSA"]
[SourceTitle "EXT 2016"]
[Source "ChessBase"]
[SourceDate "2015.10.08"]
[SourceVersion "1"]
[SourceVersionDate "2015.10.08"]
[SourceQuality "1"]

1. e4 c5 2. Nf3 e6 3. d4 cxd4 4. Nxd4 Nf6 5. Nc3 Bb4 6. Bd3 d6 7. 0-0 Bxc3 8. bxc3 a6 9. Kh1 Qc7 10. Bd2 d5 11. exd5 Nxd5 12. c4 Nf6 13. f4 Nbd7 14. Ne2 b6 15. Ng3 Bb7 16. Qe2 0-0 17. Be3 Rfe8 18. h3 Qc6 19. Rg1 Rad8 20. Rad1 Nc5 21. Bxc5 Qxc5 22. Rge1 Qa5 23. Ra1 Qc5 24. Kh2 Qd4 25. Rf1 Rc8 26. Rab1 Qc5 27. Rfd1 Rcd8 28. Qe1 Qc6 29. Qf2 Nd7 30. Ne4 Rb8 31. Rg1 Qc7 32. g3 Bxe4 33. Bxe4 Qxc4 34. Bd3 Qc5 35. Qd2 Qd5 36. Rb2 Nc5 37. Qe3 Nxd3 38. cxd3 Qc5 39. Qe2 Red8 40. Rgb1 Rd6 41. Rb3 Qd4 42. Qc2 Rdd8 43. Qe2 Rdc8 44. Qd2 b5 45. Ra3 Rb6 46. Rab3 Rbc6 47. R3b2 Rc3 48. Rd1 Rd8 49. Rc2 Rxc2 50. Qxc2 h6 51. Qg2 Qd5 52. Qc2 Qd7 53. Qb2 Qa7 54. Qc2 a5 55. Qb2 b4 56. Qd2 Qa6 57. h4 Qb5 58. Qc2 a4 59. Qc1 Rxd3 60. Qc8+ Kh7 61. Qc2 b3 62. axb3 axb3 63. Qxd3+ Qxd3 64. Rxd3 b2 65. Rb3 Kg6 66. Rxb2 f6 67. g4 h5 68. gxh5+ Kxh5 69. Rg2 Kh6 70. Rg4 Kh7 71. Kg2 Kg8 72. Kf3 Kh7 73. Ke3 Kg8 74. Kd4 Kf8 1-0